Animaux A-Z - Statistiques

Statistiques générales
  • Ce quiz a été pris 174 fois
  • Le résultat moyen est 18 sur 18
Statistiques - réponses
Par images Hint Réponse % Correct
B Baleine
100%
D Dauphin
100%
E Elephant
100%
G Girafe
100%
A Autruche
99%
H Hibou
99%
K Kangourou
99%
L Lion
99%
O Ours
99%
T Tigre
99%
Z Zebre
99%
P Perroquet
98%
R Renard
98%
S Serpent
98%
C Cerf
97%
I Iguane
97%
M Manchot
96%
N Narval
84%
Aucun quiz correspondant
Distribution des résultats
% des personnes avec chaque résultat
Percentile par nombre de réponses
Votre historique - résultats
Vous n’avez pas pris ce quiz